Basic grammar = Ngữ pháp tiếng Anh căn bản / Dave Willis, Jon Wright ; Nguyễn Thành Yến dịch và chú giải.

Сохранить в:
Библиографические подробности
Формат:
Опубликовано: Nxb HCM 2001
Метки: Добавить метку
Нет меток, Требуется 1-ая метка записи!
Thư viện lưu trữ: Mạng thư viện Đại học Đà Nẵng
LEADER 00540nam a22001811a 4500
001 000035672
003 11959
005 20160318111213.0
008 160318s2001 000
082 |a 425  |b WI-D 
245 |a Basic grammar = Ngữ pháp tiếng Anh căn bản / Dave Willis, Jon Wright ; Nguyễn Thành Yến dịch và chú giải.  |c Willis, Dave 
260 |a Nxb HCM  |c 2001 
OWN |a LNN 
999 |a From the UDN01 
TYP |a Monograph 
980 |a Mạng thư viện Đại học Đà Nẵng